| 000 | 00710nam a22002297a 4500 | ||
|---|---|---|---|
| 003 | UA-OsUOA | ||
| 001 | 93939 | ||
| 007 | ta | ||
| 008 | 20130130b un ||||| |||| 00| 0 ukr d | ||
| 100 | _aВасилевская В. | ||
| 090 |
_a821.162.1 _bВ19 |
||
| 942 | _cBK | ||
| 040 |
_aUA-OsUOA _brus _cUA-OsUOA _dUA-OsUOA |
||
| 245 |
_aСобрание сочинений в шести томах _b3 _cПеснь над водами. Пламя на болотах. Звезды в озере |
||
| 300 | _a605 с. | ||
| 955 | _a3 | ||
| 041 | _arus | ||
| 080 | _a821.162.1 | ||
| 260 |
_aМ. _bГИХЛ _c1954 |
||
| 650 | 7 |
_a82 Література. Літературознавство _2UDC |
|
| 999 |
_c380183 _d380183 |
||